Kadra Juventusu w LM 2019/2020 - Statystyki

Ogólne statystyki
  • Ten quiz został rozwiązany 110 razy
  • Średni wynik to 15 z 22
Statystyki odpowiedzi
pozycja # kraj piłkarz % Poprawnych
B 1 POL Wojciech Szczęsny
100%
O 19 ITA Leonardo Bonucci
91%
N 10 ARG Paulo Dybala
89%
N 7 POR Cristiano Ronaldo
87%
B 77 ITA Gianluigi Buffon
85%
O 4 NED Matthijs De Ligt
85%
P 8 WAL Aaron Ramsey
84%
P 16 COL Juan Cuadrado
80%
P 6 GER Sami Khedira
76%
N 21 ARG Gonzalo Higuain
74%
P 5 BIH Miralem Pjanic
74%
N 11 BRA Douglas Costa
70%
O 13 BRA Danilo
66%
P 14 FRA Blaise Matuidi
65%
P 30 URU Rodrigo Bentancur
65%
P 25 FRA Adrien Rabiot
64%
trener - ITA Mauricio Sarri
58%
P 33 ITA Federico Bernardeschi
53%
O 28 TUR Merih Demiral
47%
O 2 ITA Mattia De Sciglio
42%
O 24 ITA Daniele Rugani
39%
B 31 ITA Carlo Pinsoglio
33%
Nie znaleziono quizów pasujących do podanych kryteriów
Rozkład punktacji
Procent ludzi z każdym wynikiem
Percentyl według liczby udzielonych odpowiedzi
Twoja historia wyników
Nie rozwiązałeś tego quizu